000
00298nam a22001337a 4500
008
170606b xxu||||| |||| 00| 0 eng d
020
_a
9780333721285
041
_a
eng
080
_a
321
100
_a
18
101
_a
SHP
245
_a
INTERNATIONAL ORGANIZATION
_c
RITTBERGER,V
942
_2
udc
_c
BK
999
_c
16166
_d
16166